000 01076nac a22003011i 4500
003 EG-ScBUE
005 20250529083515.0
008 250309t1985 caua f d 001 0 eng d
020 _a0844555894
040 _aEG-ScBUE
_beng
_erda
_cEG-ScBUE
_dEG-ScBUE
082 0 4 _a530
_bEXP
_222
245 0 0 _aExperiences in physical science /
_cMichael A. Magnoli, professor of science education, Mobile College, Mobile, Alabama, [and three others]
264 1 _aMission Hills, California :
_bGlencoe a division of Macmillan Publishing Company,
_c[1985]
264 4 _cc1985
300 _a592 pages :
_bcolor illustrations ;
_c26 cm
336 _2rdacontent
_atext
_btxt
337 _aunmediated
_2rdamedia
_bn
338 _avolume
_bnc
_2rdacarrier
500 _aIncludes index.
500 _aIncludes glossary.
650 7 _aPhysics.
_2BUEsh
655 _vReading book
700 1 _aMagnoli, Michael A.,
_eauthor.
700 1 _aShymansky, James A.
_q(James Andrew),
_d1943-
_eauthor.
700 1 _aBlecha, Milo K.,
_eauthor.
700 1 _aHolly, Joyce C.,
_eauthor.
942 _cBB
_2ddc
999 _c1355
_d1355